|
|
|
|
| LEADER |
00713nab a2200145 i 4500 |
| 001 |
delm34006 |
| 005 |
20180927112914.0 |
| 008 |
180927s1943 hu o 0|| hun d |
| 040 |
|
|
|a SZTE Délmagyarország Archívum
|b hun
|
| 041 |
|
|
|a hun
|
| 245 |
0 |
3 |
|a Az egyetemi építkezések megkezdéséről egyenlőre nem lehet szó
|h [elektronikus dokumentum] :
|b a pénzügyminiszter támogatja a jogi kar visszaállítására vonatkozó szegedi kérést : Dr. Tukats Sándor főispán nyilatkozata a szegedi küldöttség budapesti utjáról [!útjáról]
|
| 260 |
|
|
|c 1943-03-14
|
| 300 |
|
|
|a 3
|
| 490 |
0 |
|
|a Délmagyarország
|v 19 No. 60
|
| 695 |
|
|
|a Tukats Sándor, Jogi kar visszaállítása Szeged 1943, Egyetemi építkezések Szeged 1943
|